[Event "Daventry 4NCL op-B 30th"]
[Site "Daventry"]
[Date "2023.06.18"]
[Round "4"]
[White "Reghu, Jyothika Ullukaranp"]
[Black "Ashcroft, Graham J"]
[Result "1-0"]
[WhiteElo "1820"]
[BlackElo "1921"]
[PlyCount "79"]
[EventDate "2023.06.16"]
[EventType "swiss"]
[EventRounds "5"]
[EventCountry "ENG"]
[SourceTitle "CBM 215 Extra"]
[Source "ChessBase"]
[SourceDate "2023.09.30"]
[SourceVersion "1"]
[SourceVersionDate "2023.09.30"]
[SourceQuality "1"]

1. e4 e6 2. Nf3 d5 3. Nc3 Nf6 4. e5 Nfd7 5. Bb5 c5 6. Bxd7+ Bxd7 7. 0-0 Be7 8. d3 0-0 9. Bf4 Nc6 10. Ne2 Rc8 11. c3 f5 12. exf6 Bxf6 13. d4 cxd4 14. cxd4 Be8 15. Ng3 Bg6 16. Rc1 Qb6 17. Be5 Bxe5 18. Nxe5 Nxe5 19. dxe5 Qxb2 20. Rxc8 Rxc8 21. Qa4 Qb6 22. Qg4 Rc2 23. h4 Rb2 24. Qf4 h6 25. Qg4 Kh7 26. Qf3 Rb1 27. Rxb1 Qxb1+ 28. Kh2 Qb6 29. h5 Bb1 30. Qd1 Qb2 31. Qa4 Bxa2 32. Qf4 Bb1 33. Qe3 d4 34. Qf4 a5 35. Ne4 Qe2 36. Ng3 Qc4 37. Qf7 Qd5 38. f4 a4 39. f5 exf5 40. Qxd5 1-0